00980nam a2200217 a 4500001001000000005001700010008004100027020002700068020002900095050002100124100002300145245013400168260006100302300001900363500014500382500007400527651003700601651005800638653003700696700002900733BRCA_146220190320203435.0830624s1996 mx-#---#a#---#000-0#spa-# a9682989868 (CONACULTA) a968753303X (Siquisirí) 4aF1211b.G55 19961 aGilliam, Albert M.10aViajes por México durante los añosb1843 y 1844cAlbert M. Gilliam ; traducción, prólogo y notas Pablo García Cisneros. aMéxicobMirada Viajera : CONACULTA : Siquisiríc1996 a426 p.c21 cm. aApéndice I. Cuadro de equivalencias monedas, pesos y medidas mexicanas. Apéndice II. Itinerario de viajero Albert M. Gilliam (1843-1844) aTraducción de : Travels in México, during the years 1843 and 1844 4aMéxicoxDescripción y viajes 4aCosta pacifícovCatálogosxDescripción y viajes0 aViajeros extranjeros en México1 aGarcía Cisneros, Pablo